| 000 | 00356 a2200133 4500 | ||
|---|---|---|---|
| 082 | _a344.01 | ||
| 090 |
_c1033 _d1033 |
||
| 245 |
_aLabour Laws _bThe Workmen's Compensation Act,1923 _cMian Asad Hakim. |
||
| 260 |
_aLahore _bMansoor book house _c1999 |
||
| 300 | _a428p | ||
| 500 | _aHard cover | ||
| 600 | _aHakim,Mian Asad. | ||
| 942 |
_aNBS _cBK _k344.01 HAK |
||
| 999 |
_c343568 _d343568 |
||